¿Estamos solos en el cosmos? / (Registro nro. 13033)

Detalles MARC
000 -LEADER
fixed length control field 00750nam a22002417a 4500
003 - CONTROL NUMBER IDENTIFIER
control field DO-SdBNP
005 - DATE AND TIME OF LATEST TRANSACTION
control field 20171124110110.0
008 - FIXED-LENGTH DATA ELEMENTS--GENERAL INFORMATION
fixed length control field 171123b 1978 ||||| |||| 00| 0 spa d
020 ## - INTERNATIONAL STANDARD BOOK NUMBER
International Standard Book Number 8401440602
040 ## - CATALOGING SOURCE
Original cataloging agency BPMSU
Language of cataloging spa
Transcribing agency BPMSU
092 ## - LOCALLY ASSIGNED DEWEY CALL NUMBER (OCLC)
Classification number xxxx
Item number xxxx
240 10 - UNIFORM TITLE
Uniform title <a href="Sind wir allein im Kosmos?">Sind wir allein im Kosmos?</a>
Language of a work Español
245 10 - TITLE STATEMENT
Title ¿Estamos solos en el cosmos? /
Statement of responsibility, etc. Hans Elsässer ... [et al.] ; traduccion de Angel Sabrido
260 ## - PUBLICATION, DISTRIBUTION, ETC. (IMPRINT)
Place of publication, distribution, etc. Esplugues de Llobregat :
Name of publisher, distributor, etc. Plaza & Janés,
Date of publication, distribution, etc. 1978.
300 ## - PHYSICAL DESCRIPTION
Extent 199 p. :
Other physical details il. ;
Dimensions 18 cm.
490 1# - SERIES STATEMENT
Series statement Rotativa
700 1# - ADDED ENTRY--PERSONAL NAME
Personal name Elsässer, Hans
700 1# - ADDED ENTRY--PERSONAL NAME
Personal name Sabrido, Ángel,
Relator term tr.
830 #0 - SERIES ADDED ENTRY--UNIFORM TITLE
Uniform title Rotativa
942 ## - ADDED ENTRY ELEMENTS (KOHA)
Source of classification or shelving scheme Dewey Decimal Classification
Koha item type Libros
945 ## - LOCAL PROCESSING INFORMATION (OCLC)
a Inventario / 2017 LP
956 ## - LOCAL ELECTRONIC LOCATION AND ACCESS (OCLC)
Host name LOPEREZ
Access number 10
Compression information 20171123
Processor of request 0041
Instruction BPMSU
Existencias
Withdrawn status Lost status Source of classification or shelving scheme Damaged status Not for loan Collection code Home library Current library Date acquired Source of acquisition Total Checkouts Barcode Date last seen Price effective from Koha item type
    Dewey Decimal Classification     Colección General Biblioteca Pública Metropolitana Salomé Ureña Biblioteca Pública Metropolitana Salomé Ureña 11/23/2017 FUNDI   BPMSU17110349 11/23/2017 11/23/2017 Libros